Analysis of Selected Regulations Proposed by the European Commission and Technological Solutions in Relation to the Dissemination of Disinformation and the Behaviour of Online Platforms

Saved in:
Bibliographic Details
Main Author: Mesarčík, Matúš
Other Authors: Móro, Róbert, Kompan, Michal
Format: Book
Language:English
Published: Bratislava Kempelenov inštitút inteligentných technológií 2022
Subjects:
Tags: Add Tag
No Tags, Be the first to tag this record!

MARC

LEADER 00000nam a2200000 4500
001 0288354
005 20230317100931.5
041 0 |a eng 
044 |a SK 
245 1 0 |a Analysis of Selected Regulations Proposed by the European Commission and Technological Solutions in Relation to the Dissemination of Disinformation and the Behaviour of Online Platforms  |c Matúš Mesarčík ... [et al.] 
264 1 |a Bratislava  |b Kempelenov inštitút inteligentných technológií  |c 2022 
300 |a 66 s. 
610 2 0 |a dezinformácie 
610 2 0 |a inteligencia umelá 
610 2 0 |a úpravy právne 
610 2 0 |a služby digitálne 
610 2 0 |a audit 
610 2 0 |a legislatíva 
610 2 0 |a transparentnosť 
610 2 0 |a etika 
100 1 |a Mesarčík, Matúš 
700 1 |a Móro, Róbert 
700 1 |a Kompan, Michal